000
00269nam a2200121 a 4500
001
000002408
005
20200929150207.0
008
090702s2005 000 spa d
020
_a
849335046X
245
0
_a
Syntagma.
260
_a
Salamanca,
_c
2005.
999
_c
2244
_d
2244
040
_a
DO-SdBNP